| 000 | 00000nas 2200000zi 4500 |
| 001 | 9.903023 |
| 003 | CaOODSP |
| 005 | 20250908093911 |
| 006 | m o d f |
| 007 | cr cn |||||||| |
| 008 | 210901c20209999onchr p o f0###a0eng|d |
| 022 | |a2817-8203 |
| 040 | |aCaOODSP|beng|erda|cCaOODSP |
| 043 | |an-cn--- |
| 086 | 1 |aIu1-30E-PDF |
| 110 | 1 |aCanada. |bInnovation, Science and Economic Development Canada, |eauthor, |eissuing body. |
| 222 | 0|aDepartmental sustainable development strategy |b(Canada. Innovation, Science and Economic Development Canada) |
| 245 | 10|a... departmental sustainable development strategy. |
| 264 | 1|a[Ottawa] : |bInnovation, Science and Economic Development Canada, |c[2017]- |
| 310 | |aTriennial |
| 336 | |atext|btxt|2rdacontent |
| 337 | |acomputer|bc|2rdamedia |
| 338 | |aonline resource|bcr|2rdacarrier |
| 362 | 1 |aBegan with: 2017/2020. |
| 500 | |aIssued also in French under title: Stratégie ministérielle de développement durable ... |
| 588 | |aDescription based on: 2017/2020. |
| 588 | |aLatest issue consulted: 2020 to 2023. |
| 610 | 10|aCanada. |bInnovation, Science and Economic Development Canada, |vPeriodicals. |
| 650 | 0|aSustainable development|xGovernment policy|zCanada|vPeriodicals. |
| 655 | 7|aPeriodicals|2lcgft |
| 775 | 08|tStratégie ministérielle de développement durable ... |w(CaOODSP)9.903027 |
| 780 | 00|tSustainable development strategy |w(CaOODSP)9.803598 |